Country by Historical Image #3 - Statistics

General Stats
  • This quiz has been taken 22 times
  • The average score is 6 of 16
Answer Stats
Picture Answer % Correct
Netherlands
100%
Cuba
75%
Romania
55%
Switzerland
45%
Israel
40%
Croatia
35%
Myanmar
35%
Tunisia
35%
Vietnam
35%
Ethiopia
25%
Bolivia
20%
Chile
15%
Guatemala
15%
Armenia
10%
Fiji
10%
Nigeria
5%
No matching quizzes found
Score Distribution
Percent of People with Each Score
Percentile by Number Answered
Your Score History
You have not taken this quiz